Statistics for Countries Bordering India (Maritime Borders)

Click here to take the quiz!

General Stats

  • This quiz has been taken 40 times
  • The average score is 7 of 7

Answer Stats

Country% Correct
Sri Lanka
100%
Bangladesh
97%
Pakistan
97%
Maldives
95%
Myanmar
95%
Indonesia
86%
Thailand
86%

Score Distribution

Percentile by Number Answered

Percent of People with Each Score

Your Score History

You have not taken this quiz